000 01120nam a2200301Ia 4500
005 20220317001515.0
008 161108s2004 s g 000 f s
020 _a9788420657394
100 1 _aConrad, Joseph
_d1857-1924
245 1 3 _aLa línea de sombra
_buna confesión
_cJoseph Conrad ; traductores Javier Alfaya Bula y Javier Alfaya McShane
250 _a1a. edición, 1a reimpresión
300 _a155 páginas
_c17 cm
490 _aEl libro de bolsillo : Literatura. Clásicos
534 _tThe Shadow Line: A Confession
600 1 4 _aConrad, Joseph
_d1857-1924
_vCritica e interpretación
_974663
650 1 4 _2LEMB
_aNovela inglesa
_ySiglo XIX
650 1 4 _2LEMB
_aLiteratura inglesa
_ySiglo XIX
650 1 4 _2LEMB
_aVida cotidiana en la literatura
700 1 _aAlfaya Bula, Javier
_etraductor
_974664
700 1 _a Alfaya McShane, javier
_etraductor
_974665
942 _2loc
_cBKLIT
264 _aMadrid
_bAlianza
_c2004
336 _atexto
_btxt
_2rdacontent
337 _asin mediación
_bn
_2rdamedia
338 _avolumen
_bnc
_2rdacarrier
040 _aCO-BoRNBP
_bspa
_erda
_cCO-BoRNBP
084 _aN CON1
999 _c7194
_d7194